000
00331nam a2200133Ia 4500
008
231017s9999 xx 000 0 und d
082
_a
624.17
082
_b
MCG
245
0
_a
NCHRP Report 631: Updated Test and Design Methods or Thermoplastic Drainage Pipe
245
0
_c
TRB
260
_b
TRB
300
_c
30cm
942
_c
REP
999
_c
603844
_d
603844